Normal view
MARC view
- Aquaponic system
Entry Topical Term
001 - CONTROL NUMBER
- control field: 6325
003 - CONTROL NUMBER IDENTIFIER
- control field: OSt
005 - DATE AND TIME OF LATEST TRANSACTION
- control field: 20241025112542.0
008 - FIXED-LENGTH DATA ELEMENTS
- fixed length control field: 241025|| aca||aabn | a|a d
040 ## - CATALOGING SOURCE
- Original cataloging agency: OSt
- Transcribing agency: OSt
150 ## - HEADING--TOPICAL TERM
- Topical term or geographic name as entry element: Aquaponic system
670 ## - SOURCE DATA FOUND
- Source citation: Work cat.: (OSt)18143: Arjun Prakash K. V, Refinement and performace evaluation of media bed aquaponic system /, 2024.
